| 000 | 00444nam a2200121Ia 4500 | ||
|---|---|---|---|
| 008 | 220512s9999 xx 000 0 eng d | ||
| 100 | _aDev, Manehndra Dev | ||
| 245 | 0 |
_aAgriculturenutrition linkages and policies in India / _cDev, Manehndra Dev |
|
| 260 |
_aMumbai : _bIndira Gandhi Insitute of development Research, _cFeb-12 |
||
| 500 | _aIndira Gandhi Insitute of development Research-working paper-2012-006 | ||
| 546 | _aEnglish | ||
| 942 | _cPR | ||
| 999 |
_c36699 _d36699 |
||